书目信息 |
| 题名: |
预制件成品机械
|
|
| 作者: | 张珂 , 邹德芳 主编 | |
| 分册: | ||
| 出版信息: | 北京 机械工业出版社 2020.03 |
|
| 页数: | 214页 | |
| 开本: | 26cm | |
| 丛书名: | ||
| 单 册: | ||
| 中图分类: | TU3 | |
| 科图分类: | ||
| 主题词: | 预制结构--yu zhi jie gou--装配式构件--教材 | |
| 电子资源: | ||
| ISBN: | 978-7-111-64112-4 | |
| 000 | 01090nam0 2200301 450 | |
| 001 | 2056729254 | |
| 005 | 20201107154535.43 | |
| 010 | @a978-7-111-64112-4@dCNY37.00 | |
| 100 | @a20200507d2020 em y0chiy50 ea | |
| 101 | 0 | @achi |
| 102 | @aCN@b110000 | |
| 105 | @aa a 000yy | |
| 200 | 1 | @a预制件成品机械@Ayu zhi jian cheng pin ji xie@f主编张珂, 邹德芳 |
| 210 | @a北京@c机械工业出版社@d2020.03 | |
| 215 | @a214页@c图@d26cm | |
| 300 | @a“十三五”国家重点出版物出版规划项目 | |
| 312 | @a英文题名取自封面 | |
| 314 | @a张珂, 现任沈阳建筑大学副校长。邹德芳, 高级工程师。 | |
| 320 | @a有书目 (第213-214页) | |
| 330 | @a本书内容包括: 预制件生产工艺及设备组成、混凝土搅拌成套装备、钢筋智能加工成套装备、建筑模具、布模机械系统、布料机械系统、密实成型机械、养护机械等。 | |
| 333 | @a现代机械工程系列精品教材 | |
| 510 | 1 | @aPrefabricated products machinery@zeng |
| 606 | 0 | @a预制结构@Ayu zhi jie gou@x装配式构件@j教材 |
| 690 | @aTU3@v5 | |
| 701 | 0 | @a张珂@Azhang ke@4主编 |
| 701 | 0 | @a邹德芳@Azou de fang@4主编 |
| 801 | 0 | @aCN@b人天书店@c20200929 |
| 905 | @aZUCC@dTU3@eZ131 | |
| 预制件成品机械/主编张珂, 邹德芳.-北京:机械工业出版社,2020.03 |
| 214页:图;26cm |
| “十三五”国家重点出版物出版规划项目.-使用对象:现代机械工程系列精品教材 |
| ISBN 978-7-111-64112-4:CNY37.00 |
| 本书内容包括: 预制件生产工艺及设备组成、混凝土搅拌成套装备、钢筋智能加工成套装备、建筑模具、布模机械系统、布料机械系统、密实成型机械、养护机械等。 |
| ● |
| 相关链接 |
|
|
|
正题名:预制件成品机械
索取号:TU3/Z131
 
预约/预借
| 序号 | 登录号 | 条形码 | 馆藏地/架位号 | 状态 | 备注 |
| 1 | 1486140 | 214861407 | 建筑库101/101建筑库 75排2列2层/ [索取号:TU3/Z131] | 在馆 | |
| 2 | 1486141 | 214861416 | 建筑库101/101建筑库 75排2列2层/ [索取号:TU3/Z131] | 在馆 |